| 000 | 01428nam0a2200301 4500 | ||
|---|---|---|---|
| 001 | RU\NLR\bibl\1300107 | ||
| 005 | 20260409064122.0 | ||
| 010 |
_a978-5-699-25915-1 _93000 |
||
| 021 |
_aRU _b2008-79317 _94606 |
||
| 035 | _a(NLR Aleph) 001285702 | ||
| 090 |
_a527286 _c527286 |
||
| 100 | _a20081128d2008 |||y0rusy50 ca | ||
| 101 | 0 | _arus | |
| 102 | _aRU | ||
| 105 | _ay ||||||||| | ||
| 200 | 1 |
_aВодный кодекс Российской Федерации _eтекст с изменениями и дополнениями на 15 января 2008 года _e[принят Государственной Думой 12 апреля 2006 года _eодобрен Советом Федерации 26 мая 2006 года (ред. от 19.06.2007) |
|
| 210 |
_aМосква _cЭксмо _d2008 |
||
| 215 |
_a63 с. _d20 |
||
| 225 | 1 | _aРоссийское законодательство | |
| 604 |
_171001$aРоссийская Федерация _150011$aВодный кодекс$2nlr_sh2$3RU\NLR\AUTH\661263600 _aРоссийская Федерация _tВодный кодекс _92087437 _3RU\NLR\AUTH\661263600 |
||
| 686 | _aХ625.8-324.9(2Р) | ||
| 740 | 1 |
_aРоссийская Федерация _tЗаконы _iВодный кодекс _3RU\NLR\AUTH\880379501 _9425399 |
|
| 801 | 0 |
_aRU _bNLR _c20081128 _gRCR |
|
| 801 | 1 |
_aRU _bNLR _c20081128 |
|
| 942 | _cBOOK | ||
| 980 | _aNB | ||